Statystyki dla Stolice- Gegra

Kliknij tutaj aby rozwiązać quiz!

Ogólne statystyki

  • Ten quiz został rozwiązany 19 razy
  • Średni wynik to 18 z 33

Statystyki odpowiedzi

KrajStolica% Poprawnych
RosjaMoskwa
100%
ChinyPekin
100%
UsaWaszyngton
88%
AlgieriaAlgier
82%
BrazyliaBrasilia
82%
ArgentynaBuenos Aires
82%
IndieNowe Delhi
82%
IranTeheran
82%
MongoliaUłan Bator
82%
MeksykMeksyk
76%
KanadaOttawa
76%
KazachstanAstana
71%
IndonezjaDżakarta
65%
Nowa ZelandiaWellington
65%
KolumbiaBogota
59%
PeruLima
59%
EkwadorQuito
59%
Arabia SaudyjskaRijad
53%
LibiaTrypolis
53%
WenezuelaCaracas
47%
DominikanaSanto Domingo
47%
EtiopiaAddis Abeba
35%
ParagwajAsuncion
35%
SudanChartum
35%
Republika KongoKinszasa
29%
Papua Nowa GwineaPort Moresby
29%
HondurasTegucigalpa
29%
NigeriaAbudża
24%
GujanaGeorgetown
24%
NikaraguaManagua
24%
MaliBamako
18%
CzadNdżamena
18%
PakistanIslambad
12%

Rozkład punktacji

Percentyl według liczby udzielonych odpowiedzi

Procent ludzi z każdym wynikiem

Twoja historia wyników

Nie rozwiązałeś tego quizu